| 000 | 00873nam a2200253 a 4500 | ||
|---|---|---|---|
| 001 | BRCA_4793 | ||
| 005 | 20190320204817.0 | ||
| 008 | 111010s1995----sp-#######---#000-0#spa-# | ||
| 020 | _a8488333099 | ||
| 041 | _aspa | ||
| 044 | _asp | ||
| 050 | 4 |
_aPQ6353 _b.M37 1995 |
|
| 100 | 1 |
_aMartínez Bonati, Félix _912134 |
|
| 245 | 1 | 0 |
_aEl Quijote y la poética de la novela _cFélix Martínez Bonati. |
| 260 |
_aAlcalá de Henares [Madrid] _bCentro de Estudios Cervantinos _c1995 |
||
| 300 |
_axxiii, 319 p. _c22 cm. |
||
| 440 | 0 |
_aBiblioteca de Estudios Cervantinos _v3 _912135 |
|
| 500 | _aIncluye índice de autores | ||
| 504 | _aIncluye referencias bibliográficas | ||
| 600 | 1 | 4 |
_aCervantes Saavedra, Miguel de _d1547-1616 _tDon Quijote _xCrítica e interpretación _912136 |
| 650 | 1 | 4 |
_aLiteratura moderna _xHistoria y crítica _912137 |
| 902 | _aCERV | ||
| 942 |
_2lcc _cB |
||
| 999 |
_c4490 _d4490 |
||